The Cat House (Logic Puzzle) Quiz Stats

 Plays Quiz Updated May 16, 2020

Support Sporcle.
Go Orange.
Score 0/30 Timer 20:00
18 Plays Today
Cat Drink % Correct


The Cat in The Hat



???
100%




Eek!




???
82.7%




Mooch




???
81.8%



Sylve-
ster




???
78.4%




Simba




???
72.5%



Hello Kitty




???
66.4%



Bucky Katt




???
58.3%



Puss
in
Boots



???
57.2%



Heath-
cliff




???
56.9%




Hobbes




???
46.9%




Tigger




???
38.6%



The
Cheshire
Cat



???
32.7%




Luna




???
31.4%




Garfield




???
31.1%




Snowball II



???
28.1%
Cat Drink % Correct



Grumpy Cat




???
25.4%




Gumball




???
23%




Tom




???
22.8%



Tony
the
Tiger



???
22.8%



Snaggle-
puss




???
22.5%



Shere Khan




???
20.7%



Nyan
Cat




???
19.4%



The
Pink
Panther



???
18.5%




Snarf




???
18.2%




Felix




???
16.2%



Rum
Tum
Tugger



???
15.2%




Aslan




???
14.4%



Thomas
O'Malley




???
13.7%



The
Cowardly
Lion



???
11.8%




Meowth




???
10.3%

You're not logged in!

Compare scores with friends on all Sporcle quizzes.
OR
Log In
Forgot?

From the Vault

1980s Movie Taglines II

by janbednarczuk

Movie taglines strike back!
Remove Ads.
Support Sporcle.
Get the best of Sporcle when you Go Orange. This ad-free experience offers more features, more stats, and more fun while also helping to support Sporcle. Thank you for becoming a member.

Show Comments

Extras

Top Quizzes Today


Score Distribution

Your Account Isn't Verified!

In order to create a playlist on Sporcle, you need to verify the email address you used during registration. Go to your Sporcle Settings to finish the process.

Report this User

Report this user for behavior that violates our Community Guidelines.

Details: